Listen (Record no. 9330)
[ view plain ]
| 000 -LEADER | |
|---|---|
| fixed length control field | 00715cjm a22002051a 4500 |
| 020 ## - ISBN | |
| International Standard Book Number | 0879015624 |
| 050 00 - LIBRARY OF CONGRESS CALL NUMBER | |
| Classification Number | RZA 8432 |
| Item Number | .K42 1992 |
| 100 1# - MAIN ENTRY--Author | |
| Personal name | Kerman, Joseph, |
| Dates associated with a name | 1924-2014. |
| 245 10 - TITLE | |
| Title | Listen |
| Medium | [sound recording] / |
| Statement of responsibility, etc | [by Joseph Kerman and Vivian Kerman]. |
| 250 ## - EDITIONSTATEMENT | |
| Edition statement | 2nd brief ed. |
| 260 ## - PUBLICATION, DISTRIBUTION, ETC.(IMPRINT) | |
| Place of publication, distribution, etc | New York : |
| Name of publisher, distributor, etc | Worth Publishers ; PolyGram, |
| Date of publication, distribution, etc | p1992. |
| 300 ## - PHYSICAL DESCRIPTION | |
| Extent | 6 sound discs : |
| 500 ## - GENERALNOTE | |
| General note | For use with the author's book of the same title. |
| 500 ## - GENERALNOTE | |
| General note | Title on container: 6 CDs to accompany Kerman. |
| 500 ## - GENERALNOTE | |
| General note | Compact discs. |
| 500 ## - GENERALNOTE | |
| General note | List of contents on back of container. |
| 650 ## - SUBJECT--TOPIC | |
| General subdivision | Music appreciation ; |
| -- | Vocal music ; |
| -- | Instrumental music. |
| 700 1# - ADDED ENTRY--PERSONAL AUTHOR | |
| Personal Name | Kerman, Vivian. |
| 942 ## - ADDED ENTRY ELEMENTS(KOHA) | |
| Source of classification or shelving scheme | Library of Congress Classification |
| Koha item type | General circulation |
| Source of classification or shelving scheme | Not for loan | Location (home branch) | Sublocation (holding branch) | Shelving location | Date accessioned | Cost, normal purchase price | Full call number | Barcode | Cost, replacement price | Nonpublic note | Koha item type | Public note |
|---|---|---|---|---|---|---|---|---|---|---|---|---|
| Library of Congress Classification | Main Campus Library | Main Campus Library | 06/10/2015 | 3490.00 | RZA 8432 .K42 1992 | 2015/008399 | 3839.00 | Nzk | General circulation | Nzk |